[Event "Foment Martinenc op-C 21st"]
[Site "Barcelona"]
[Date "2019.05.25"]
[Round "5"]
[White "Gonzalez Memm, Mateu"]
[Black "Larios Ongay, Eloi"]
[Result "1-0"]
[WhiteElo "1450"]
[BlackElo "1388"]
[PlyCount "63"]
[EventDate "2019.04.27"]
[EventType "swiss"]
[EventRounds "9"]
[EventCountry "ESP"]
[SourceTitle "EXT 2020"]
[Source "ChessBase"]
[SourceDate "2019.10.17"]
[SourceVersion "1"]
[SourceVersionDate "2019.10.17"]
[SourceQuality "1"]

1. e4 e5 2. Bc4 Bc5 3. Nf3 Nc6 4. d3 Nf6 5. 0-0 0-0 6. Bg5 Qe8 7. Bxf6 gxf6 8. Nc3 Kh8 9. Nd5 Qe6 10. Nxc7 Qg4 11. Nxa8 Rg8 12. g3 d6 13. Bxf7 Rf8 14. Bd5 Qh3 15. Nc7 f5 16. Ne6 Re8 17. Nfg5 Qh6 18. Nf7+ Kg8 19. Nxh6+ Kh8 20. Bxc6 bxc6 21. Nf7+ Kg8 22. Nc7 Re7 23. Nh6+ Kg7 24. Nxf5+ Bxf5 25. exf5 Rxc7 26. Qg4+ Kh8 27. f6 d5 28. Rfe1 Rb7 29. Rxe5 Re7 30. Qc8+ Re8 31. Qxe8+ Bf8 32. Qxf8# 1-0